00165nam a2200073Ia 4500008004100000100001300041245002000054999001700074170627s9999 xx 000 0 und d aGOPAL- M 0aCONTROL SYSTEMS c34076d34076